书目信息 |
| 题名: |
字说字画
|
|
| 作者: | 徐艳 编著 | |
| 分册: | 小学二年级上 | |
| 出版信息: | 南京 南京出版社 2020.12 |
|
| 页数: | 168页 | |
| 开本: | 26cm | |
| 丛书名: | ||
| 单 册: | ||
| 中图分类: | G624.223 | |
| 科图分类: | ||
| 主题词: | 识字课--小学--教学参考资料 | |
| 电子资源: | ||
| ISBN: | 978-7-5533-2913-0 | |
| 000 | 01123nam0 2200241 45 | |
| 001 | 012001001552 | |
| 005 | 20140821095608.0 | |
| 010 | @a978-7-5533-2913-0@dCNY45.00 | |
| 100 | @a20201218d2020 ce y0chiy0110 ea | |
| 101 | 0 | @achi |
| 102 | @aCN@b320000 | |
| 105 | @aa z 001yy | |
| 106 | @ar | |
| 200 | 1 | @a字说字画@Azi shuo zi hua@i小学二年级上@f徐艳编著 |
| 210 | @a南京@c南京出版社@d2020.12 | |
| 215 | @a168页@c彩图@d26cm | |
| 300 | @a文学之都青少年读本 | |
| 330 | @a本书与教育部统编版小学二年级上语文教科书相配套,逐课解说生字,共28课,涵盖《义务教育语文课程标准》中明确规定小学二年级上要求小学生掌握的450个汉字,同时还有拓展和延伸。根据小学生的理解能力和接受程度,解说汉字采用小学生能理解的简明语言,以有趣生动的故事串联过渡,结合小学生熟悉的生活场景和自然场景进行形象阐释,引导小学生发现汉字的美好和趣味。本书配有大量精美的图片和古画,这些图片既表意又表形,既体现了汉字的构字特点,又符合小学生的认知特点,帮助读者更好地认识和理解汉字。 | |
| 606 | 0 | @a识字课@x小学@j教学参考资料 |
| 690 | @aG624.223@v5 | |
| 701 | 0 | @a徐艳@Axu yan@4编著 |
| 801 | @aCN@bAHXH@c20210922 | |
| 905 | @b1248848-52@dG624.223@e1427@f5 | |
| 字说字画.小学二年级上/徐艳编著.-南京:南京出版社,2020.12 |
| 168页:彩图;26cm |
| 文学之都青少年读本 |
| ISBN 978-7-5533-2913-0:CNY45.00 |
| 本书与教育部统编版小学二年级上语文教科书相配套,逐课解说生字,共28课,涵盖《义务教育语文课程标准》中明确规定小学二年级上要求小学生掌握的450个汉字,同时还有拓展和延伸。根据小学生的理解能力和接受程度,解说汉字采用小学生能理解的简明语言,以有趣生动的故事串联过渡,结合小学生熟悉的生活场景和自然场景进行形象阐释,引导小学生发现汉字的美好和趣味。本书配有大量精美的图片和古画,这些图片既表意又表形,既体现了汉字的构字特点,又符合小学生的认知特点,帮助读者更好地认识和理解汉字。 |
| ● |
| 相关链接 |
|
|
|
|
正题名:字说字画
索取号:G624.223/1427
 
预约/预借
| 序号 | 登录号 | 条形码 | 馆藏地/架位号 | 状态 | 备注 |
| 1 | 1248848 | 212488486 | 第一样本阅览室/ [索取号:G624.223/1427] | 在馆 | |
| 2 | 1248849 | 212488495 | 教育系资料室/ [索取号:G624.223/1427] | 在馆 | |
| 3 | 1248850 | 212488501 | 教育系资料室/ [索取号:G624.223/1427] | 在馆 | |
| 4 | 1248851 | 212488510 | 第四借阅区/ [索取号:G624.223/1427] | 在馆 | |
| 5 | 1248852 | 212488529 | 第四借阅区/ [索取号:G624.223/1427] | 在馆 |